00614nam a2200181 i 450000100060000000300090000600500170001500700030003200800410003510000320007624501500010825000110025826000550026930000260032465000420035070000190039285200210041184371ES-MaACL20250926063052.0t|041122s1906 it ||||1| ita d1 aJames, William, d1842-191014aGli ideali della vita b: discorsi ai giovani e discorsi ai maestri sulla Psicologia / cWilliam James ; traduzione dall'inglese de G.C. Ferrari. a2a ed. aTorino : bFratelli Bocca, c1906 (fG. Sacerdote) aXX, 300 p. ; c20 cm.07aPsicología de la educación2embne1 aFerrari, G. C. aES-MaACLjF-5972